| 000 | 00431nam a2200181Ia 4500 | ||
|---|---|---|---|
| 005 | 20250603145308.0 | ||
| 008 | 250603s9999 xx 000 0 und d | ||
| 020 | _a9788126579907 | ||
| 050 | _aQA 76.73.P98 . | ||
| 100 | _aPradhan, Manaranjan | ||
| 245 | 0 | _aMachine learning using python | |
| 260 | _aNew Delhi | ||
| 260 | _bWiley India Pvt. Ltd | ||
| 260 | _c2020 | ||
| 300 | _a337 p | ||
| 650 | _aNew Delhi | ||
| 942 | _cBK | ||
| 999 |
_c41442 _d41442 |
||